Εμπορική ναυτιλία
Αποθηκεύτηκε σε:
| Συγγραφή απο Οργανισμό/Αρχή: | |
|---|---|
| Μορφή: | Βιβλίο |
| Γλώσσα: | Greek |
| Δημοσίευση: |
Αθήνα :
ΚΕΠΕ,
1986
|
| Σειρά: | Θέματα προγραμματισμού. Εκθέσεις για το πρόγραμμα 1983-1987 ;
; Ε4 |
| Θέματα: | |
| Ετικέτες: |
Προσθήκη ετικέτας
Δεν υπάρχουν, Καταχωρήστε ετικέτα πρώτοι!
|
MARC
| LEADER | 00000nam a2200000 i 4500 | ||
|---|---|---|---|
| 001 | 1/69352 | ||
| 008 | 990209s1986 gre d | ||
| 035 | |l 10047813 | ||
| 040 | |a GR-MY-UA |b gre |e aacr | ||
| 041 | 0 | |a gre | |
| 082 | 0 | |a 387.5109495 | |
| 110 | 2 | |a Κέντρο Προγραμματισμού και Οικονομικών Ερευνών. | |
| 245 | 1 | 0 | |a Εμπορική ναυτιλία / |c Κέντρο Προγραμματισμού και Οικονομικών Ερευνών |
| 260 | |a Αθήνα : |b ΚΕΠΕ, |c 1986 | ||
| 300 | |a 221 σ. | ||
| 490 | 1 | |a Θέματα προγραμματισμού. Εκθέσεις για το πρόγραμμα 1983-1987 |v ; Ε4 | |
| 650 | 0 | 0 | |a Merchant marine |z Greece. |
| 650 | 0 | 0 | |a Shipping. |
| 830 | 0 | |a Θέματα προγραμματισμού. Εκθέσεις για το πρόγραμμα 1983-1987 ; |v ; Ε4 | |
| 852 | |a INST |b CHIOS |e 19990209 |h 387.5109495 ΕΜΠ |p 005200014902 |q 005200014902 |t BK |y 0 | ||
| 901 | |a BIBL-1999-1 | ||
| 909 | |a Χ |b 055320 | ||
| 922 | |a 2ΔΩΡ |b 199902 |d ΛΕΜΟΝΙΑ | ||